Police Force Areas England & Wales - Statistics

General Stats
  • This quiz has been taken 69 times
    63 since last reset
  • The average score is 23 of 43
Answers on the Map
Answers color-coded by a green-red scale on the quiz's map according to % correct below.
 
Answer Stats
Answer % Correct
Metropolitan Police Service
80%
Sussex Police
74%
Essex Police
72%
Kent Police
72%
North Yorkshire Police
72%
Merseyside Police
70%
South Yorkshire Police
67%
City of London Police
65%
Devon and Cornwall Police
65%
Greater Manchester Police
65%
Cumbria Constabulary
63%
Norfolk Constabulary
63%
West Midlands Police
63%
West Yorkshire Police
63%
Humberside Police
61%
Suffolk Constabulary
61%
Derbyshire Constabulary
59%
Lancashire Constabulary
59%
Cheshire Constabulary
57%
Leicestershire Police
57%
Lincolnshire Police
57%
North Wales Police
57%
South Wales Police
57%
Staffordshire Police
54%
Surrey Police
54%
Thames Valley Police
54%
Cambridgeshire Constabulary
50%
Dorset Police
50%
Gloucestershire Constabulary
50%
Northamptonshire Police
50%
Avon and Somerset Police
48%
Durham Constabulary
48%
Nottinghamshire Police
48%
Warwickshire Police
46%
Wiltshire Police
43%
Hertfordshire Constabulary
41%
Northumbria Police
39%
Bedfordshire Police
37%
West Mercia Police
35%
Cleveland Police
33%
Hampshire and Isle of Wight Constabulary
30%
Gwent Police
26%
Dyfed-Powys Police
17%
No matching quizzes found
Score Distribution
Percent of People with Each Score
Percentile by Number Answered
Your Score History
You have not taken this quiz since the last reset